000 00286nam a22001337a 4500
008 170419b xxu||||| |||| 00| 0 eng d
020 _a9780815328186
041 _aeng
080 _23RD
_a573
100 _a11
101 _aSHM
245 _aIMMUNO BIOLOGY
_cJANEWAY
942 _2udc
_cBK
999 _c11300
_d11300